000 00535nam a2200181 a 4500
001 000012220
005 20200929162741.0
008 091106s1991 cu a 001 j spa d
040 _aDO-SdBNP
_bspa
_cBNPHU
082 _aCu863.44
_bC824u
100 1 _aCorrea, Arnaldo
_d1935-
_928855
245 1 3 _aUn caso difícil /
_cArnaldo Correa.
260 _aLa Habana, Cuba :
_bCapitán San Luis,
_c1991.
300 _a124 p. :
_bil. ;
_c1991.
650 4 _aCuentos cubanos
_91482
650 4 _aLiteratura cubana
_ySIGLO XX
_99186
049 _aBNGR
999 _c11884
_d11884